[Event "Olympiad-41"]
[Site "Tromsoe"]
[Date "2014.08.12"]
[Round "10.1"]
[White "Vachier Lagrave, Maxime"]
[Black "Wang, Yue"]
[Result "1/2-1/2"]
[WhiteElo "2768"]
[BlackElo "2718"]
[Annotator "Krasenkow,M"]
[PlyCount "75"]
[EventDate "2014.08.02"]
[EventType "team-swiss"]
[EventRounds "11"]
[EventCountry "NOR"]
[SourceTitle "CBM 162"]
[Source "ChessBase"]
[SourceDate "2014.09.17"]
[SourceVersion "1"]
[SourceVersionDate "2014.09.17"]
[SourceQuality "1"]
[WhiteTeam "France"]
[BlackTeam "China"]
[WhiteTeamCountry "FRA"]
[BlackTeamCountry "CHN"]

1. d4 Nf6 2. c4 e6 3. Nf3 d5 4. Nc3 c5 5. cxd5 cxd4 6. Qxd4 exd5 {This old
system is considered insufficient for equality but GM Wang Yue and some other
Chinese players apparently have a different opinion.} 7. e4 Nc6 8. Bb5 dxe4 9.
Qxd8+ Kxd8 10. Ng5 Be6 (10... Ke8 11. O-O $36 {[%csl Re8]}) 11. O-O {White
plays for a development advantage rather than for a better pawn structure.
However, Black successfully parries his threats.} (11. Bf4 Bb4 12. Nxe6+ fxe6
13. Bxc6 bxc6 14. Ke2 Ke7 (14... Kc8 15. Na4 Nd5 16. Be5 Rf8 17. Rhc1 Rf5 18.
Bg3 Kd7 19. Rc4 g5 20. Rxe4 $14 {1/2 (59) Kulaots,K (2572)-Sulskis,S (2550)
Liepaja LAT 2014}) 15. Rac1 Bxc3 16. Rxc3 Nd5 17. Bg5+ Kd6 18. Rc4 Rhb8 19. Bc1
Rb4 20. Rxb4 Nxb4 21. Rd1+ Nd5 22. Rd4 Ke5 23. Rc4 Rc8 24. b4 h5 25. g3 Kf5 $11
{1/2 (45) Tomashevsky,E (2695)-Bukavshin,I (2607) Vladivostok RUS 2014}) (11.
Nxe6+ {is probably the most solid path for White:} fxe6 12. Bxc6 (12. O-O Bb4
13. Ne2 Ke7 14. a3 Bd6 15. Bxc6 bxc6 16. Be3 Nd5 $11 {1/2 (39) Song,J (2417)
-Louis,T (2217) Saint Paul Trois Chateaux 2013}) (12. Bg5 Bb4 13. O-O-O+ Kc7
14. Bxf6 gxf6 15. Nxe4 Rag8 (15... f5 16. Ng5 Rae8 17. Bxc6 bxc6 18. f4 e5 19.
Nf7 Rhg8 20. Nxe5 Bd6 21. g3 Bxe5 22. fxe5 Rxe5 23. Rhf1 h5 $1 24. Rf4 Rg4 $11
{1/2 (29) Demuth,A (2479)-Lysyj,I (2628) St Petersburg 2012}) 16. a3 Be7 17. g3
Rd8 $11 {1/2 (43) Sargissian,G (2676)-Borisek,J (2555) Warsaw POL 2013}) 12...
bxc6 {Quite a dangerous position for Black due to his destroyed pawn structure
but GM Wei Yi has managed to defend it a few times:} 13. Bg5 (13. Ke2 Bb4 14.
Na4 Kc7 (14... Nd5 15. Rd1 e5 16. Be3 Kc7 17. Rac1 Rhd8 18. a3 Be7 19. g3 h5
20. Rc4 Nxe3 21. Rxd8 Rxd8 22. fxe3 $14 {1-0 (49) Rombaldoni,A (2530)-Arnaudov,
G (2448) Warsaw POL 2013}) 15. Be3 Nd5 16. Rac1 Rad8 (16... Nxe3 17. fxe3 Rhd8
18. Rc2 Rac8 19. Rhc1 Kb7 20. a3 Bd6 21. h3 Rc7 22. Rc4 Rf8 23. Nc3 Rf5 24.
Nxe4 $14 {1-0 (69) L'Ami,E (2626)-Svane,R (2425) Haarlem 2013}) 17. Rc2 Nxe3
18. Kxe3 Rhf8 19. Rhc1 Rd6 20. Ke2 Rf5 21. a3 Ra5 22. axb4 Rxa4 23. b5 Rb4 24.
Rxc6+ Rxc6 25. Rxc6+ Kd8 26. Ra6 Rxb2+ 27. Ke3 Rxb5 28. Rxa7 Rg5 $11 {1/2 (35)
Ding,L (2714)-Wei,Y (2634) Danzhou 2014}) 13... Bb4 14. O-O-O+ Kc7 15. Bxf6 (
15. Rhe1 Nd5 16. Kc2 Rhf8 17. Bh4 e3 18. Bg3+ Kb7 19. fxe3 Rad8 20. Rd3 Ba5 21.
a3 c5 $11 {1/2 (84) L'Ami,E (2627)-Sokolov,I (2663) Wijk aan Zee 2013}) 15...
gxf6 16. Nxe4 Rhg8 17. Rd4 (17. a3 Be7 18. g3 Rad8 19. Rhe1 Rxd1+ 20. Kxd1 e5
21. Kc2 h5 $11 {1/2 (26) Bu Xiangzhi (2662)-Wei,Y (2530) Xinghua CHN 2013})
17... Be7 18. Rhd1 Rad8 19. Rxd8 Rxd8 20. Rxd8 Kxd8 $14 {- an unpleasant
ending for Black although he held his ground in the following game:} 21. Nd2
Kd7 22. Nc4 e5 23. g4 Ke6 24. f3 f5 25. gxf5+ Kxf5 26. Kd1 e4 27. Ke2 Kf4 28.
fxe4 Kxe4 29. Na5 c5 30. Nc6 Bd6 31. Nxa7 Bxh2 32. Nb5 Ke5 {1/2 (32) Vallejo
Pons,F (2698)-Wei,Y (2634) Leon ESP 2014}) 11... Bb4 (11... h6 12. Ngxe4 Nxe4
13. Nxe4 a6 14. Bxc6 bxc6 15. Rd1+ Kc7 16. Bf4+ Kb6 17. Rac1 a5 18. a3 Be7 19.
Be3+ Kc7 20. Rd2 Rhd8 21. Rdc2 Ra6 22. f3 Bd5 23. Nc5 Bxc5 24. Bxc5 $14 {
1-0 (74) Fages,J (2195)-Sukhorskij,V (2096) Lechenicher SchachServer 2012}) 12.
Ncxe4 Nxe4 13. Nxe4 Ke7 14. Be3 Rhd8 15. Ba4 (15. Bxc6 bxc6 16. a3 Bd6 {
1/2-1/2 (16) Fier Takeda,A (2573)-Edouard,R (2686) SUI 2013}) (15. a3 Nd4 $1
16. Ba6 $5 Bxa3 17. Rxa3 bxa6 18. Ra4 Nb5 19. Bc5+ Ke8 20. Rxa6 Rd5 21. b4 Rad8
22. f3 Rd1 23. Rxd1 Rxd1+ 24. Kf2 Bd5 25. Nd6+ Nxd6 26. Rxd6 Bb3 27. Rxd1 Bxd1
28. Bxa7 Kd7 $11 {_|_1/2 (43) Salgado Lopez,I (2622)-Wei,Y (2634) Leon ESP 2014
}) (15. Nc5 Bxc5 (15... Nd4 16. Nxe6 Nxe6 17. Rad1 Bc5 18. Bd2 Rd5 19. Bc4 Rd4
20. Bxe6 fxe6 21. Be3 Rc4 22. Bg5+ Ke8 23. Rd2 h6 24. b3 Re4 25. Rc2 b6 26. Be3
Re5 27. Bxc5 Rxc5 28. Rxc5 bxc5 29. Rc1 $14 {1-0 (63) Tregubov,P (2601)-Wirig,
A (2501) Paris FRA 2014}) 16. Bxc5+ Kf6 17. Rfd1 a6 18. Be2 Rxd1+ 19. Bxd1 Rd8
20. Bf3 Bd5 21. Bb6 Rd6 22. Bc5 Rd8 23. Bb6 Rd6 24. Rd1 Ke6 25. Bc5 Rd8 26. Bb6
Rd6 27. Be2 Ne5 28. Bc7 Rc6 29. Bxe5 Kxe5 30. f4+ Ke6 31. Bg4+ f5 32. Bxf5+
Kxf5 33. Rxd5+ Kxf4 $11 {1/2 (46) Antic,D (2479)-Swapnil,S (2421) Anogia GRE
2014}) 15... Kf8 16. a3 Be7 17. Nc5 Bxc5 {Black prefers a simple course to GM
Romain Edouard's stoic} (17... Bc8 $5 {, which is probably enough for equality:
} 18. Rad1 Rxd1 19. Rxd1 Ne5 20. Bd4 Nc6 21. Be3 Ne5 22. Nd7+ Nxd7 23. Bxd7 Bf6
24. Bc5+ Kg8 25. Bxc8 Rxc8 26. Bxa7 Bxb2 $11 {1/2 (31) Bogner,S (2587)-Edouard,
R (2670) Dubai UAE 2014}) 18. Bxc5+ Kg8 {A typical position, in which Black's
centralised setup largely diminishes the advantage of White's bishop pair.} 19.
Rfd1 f6 (19... Na5 $5 20. Rxd8+ Rxd8 21. Rd1 (21. Bxa7 Nc4 {[%cal Rc4b2,Rd8a8]}
) 21... Rxd1+ 22. Bxd1 Nc4 23. Bd4 Bd5 24. f3 f6 25. Kf2 a6 26. Ke2 Kf7 27. Bc2
h6 28. Kd3 Ke6 29. Bc3 Nd6 30. Kd4 b6 31. a4 Bc6 32. Ke3 Nf5+ 33. Kf2 Ne7 34.
b3 Nd5 {1/2 (41) Lenic,L (2637)-Edouard,R (2653) Warsaw POL 2013 - Black hoeld
this ending without major problems.}) 20. Rxd8+ Rxd8 21. Rd1 (21. Bxc6 bxc6 22.
Bxa7 Bb3 {[%cal Yd8d1] - the endgame with opposite-coloured bishops should end
in a draw.}) 21... Rxd1+ 22. Bxd1 {[%mdl 4096] In this ending both players
should be satisfied. White has obtained a small advantage after the opening
battle, and Black has a safe way to neutralise it.} Bd5 $1 {Black follows the
same path as GM Romain Edouard in the above-mentioned game. He centralises his
own bishop and prevents the activation of White's.} 23. f3 Kf7 24. Kf2 a6 25.
h4 Nd8 26. Ke3 Ne6 27. Bd6 h5 28. Bc2 g6 29. Bd3 Ng7 30. g4 {This just leads
to an exchange of a couple of pawns.} (30. Kd4 Ke6 {[%cal Yg7f5]}) 30... g5 $1
31. hxg5 fxg5 32. Be5 (32. gxh5 Nxh5 {[%cal Yf7e6]}) 32... h4 33. f4 Ne6 34.
fxg5 Nxg5 35. Kf4 Nh3+ 36. Ke3 Ng5 37. Kf4 Nh3+ 38. Ke3 1/2-1/2

[Event "Olympiad-40"]
[Site "Istanbul"]
[Date "2012.09.06"]
[Round "9.2"]
[White "Mamedyarov, Shakhriyar"]
[Black "Socko, Bartosz"]
[Result "1-0"]
[WhiteElo "2729"]
[BlackElo "2635"]
[Annotator "Krasenkow,M"]
[PlyCount "89"]
[EventDate "2012.08.28"]
[EventType "team-swiss"]
[EventRounds "11"]
[EventCountry "TUR"]
[SourceTitle "CBM 151"]
[Source "ChessBase"]
[SourceDate "2012.11.13"]
[SourceVersion "1"]
[SourceVersionDate "2012.11.13"]
[SourceQuality "1"]
[WhiteTeam "Azerbaijan"]
[BlackTeam "Poland"]
[WhiteTeamCountry "AZE"]
[BlackTeamCountry "POL"]

1. d4 Nf6 2. c4 e6 3. Nf3 d5 4. Nc3 c5 5. cxd5 Nxd5 6. e4 Nxc3 7. bxc3 cxd4 8.
cxd4 Bb4+ 9. Bd2 Bxd2+ 10. Qxd2 O-O 11. Bc4 Nd7 12. O-O b6 13. Rfe1 (13. a4 {
- see Leko-Naiditsch in CBM 146}) (13. d5 {and}) (13. Rad1 Bb7 14. d5 {are
also quite common.}) 13... Bb7 14. Rad1 Rc8 15. Bd3 (15. Bb3 {is another
alternative}) 15... Re8 {A useful prophylactical move.} (15... Qc7) (15... Qf6)
(15... Qe7) ({and} 15... h6 {were seen in GM practice, too.}) 16. h4 {GM
Shakhriar Mamedyarov follows his old game against Cyril Marcelin. Obviously
his opponent has prepared an improvement. The other moves don't pose serious
problems to Black:} (16. h3 Nf8 17. h4 {A strange loss of time.} Re7 18. h5 h6
19. Qf4 Qc7 20. Qh4 Rd7 21. Bb5 Rdd8 22. Ne5 Nh7 23. Bc4 Nf6 $11 {1/2 Van Wely,
L (2686)-Illescas Cordoba,M (2609)/Melilla 2011/CBM 146/[RR] (60)}) (16. Qe3
Rc3 17. e5 Qc7 18. Ng5 Nf8 19. Ne4 Bxe4 20. Qxe4 Rd8 21. h4 Qe7 $11 {1-0
Korchnoi V-Najdorf M/Wijk aan Zee 11/437 1971/[Ivkov,B] (40)}) (16. Qf4 Qf6 {
A typical reply to Qf4} 17. Qg4 Qg6 $6 {[%cal Gd3g6]} (17... Qh6) (17... Qe7)
18. Qh3 Nf6 19. e5 Qh5 20. Qg3 Nd7 (20... Nd5 21. Ng5 h6 $140 22. Ne4) 21. Ng5
(21. Nd2 $142 {[%cal Rd2c4]} Bd5 22. Nf1 $14 {[%cal Yf1e3]}) 21... Nf8 22. Be4
Bd5 23. f3 {1-0 Khmelniker,I (2443)-Prusikin,M (2538)/Bad Wiessee 2008/EXT
2009 (41)} h6 24. Nh3 Bxe4 25. fxe4 Rc2 $132) (16. Bb1 Nf8 (16... h6 17. h3 Qc7
18. Nh2 Qc3 19. Qf4 e5 (19... Nf8 20. Re3 Ng6 21. Qg4 Qc7 22. e5 $16 {1-0
Grooten,H (2340)-Horvath,C (2530)/Leeuwarden 1995/EXT 1997 (37)}) 20. Qf5 Nf6
21. d5 Qb4 $11 {I.Tsesarsky}) 17. Re3 Re7 (17... Qd6 18. Qb2 Red8 {1/2
Prusikin,M (2560)-Levin,F (2513)/Germany 2006/EXT 2007}) (17... Ng6 18. Ra3 a6
19. Rb3 Rc6 {1/2 Brunner,N (2429)-Eliet,N (2429)/Belgium 2009/EXT 2010}) 18. h4
Rec7 (18... Rd7 $143 19. h5 Qf6 20. Ra3 a6 21. Rb3 b5 22. Ne5 Rdd8 23. a4 $36 {
1-0 Mahjoob,M (2479)-Moradiabadi,E (2540)/Cebu 2007/CBM 120 ext (35)}) 19. Ra3
Ba8 20. h5 h6 21. Nh2 Qg5 22. Qxg5 hxg5 23. Kf1 Rc1 24. Ke2 Rxd1 25. Kxd1 Rd8
26. Nf3 g4 27. Nd2 Rxd4 28. Rxa7 Bc6 $11 {1-0 Engqvist,T (2363)-Golod,V (2578)/
Helsingor 2008/CBM 125 Extra (103)}) 16... Nf8 (16... h6 {was played by C.
Marcelin, and he had no problems in the opening:} 17. Bb5 (17. a4 $5 {might be
prepared for the present game but Black's position is very solid after, say,}
Re7) 17... Re7 18. Bxd7 Rxd7 19. Ne5 Rdc7 20. Qf4 Qd6 21. Qg4 Rc2 $132 22. Qh5
$6 R8c7 23. Ng4 $2 Rxa2 24. d5 {1-0 Mamedyarov,S (2607)-Marcelin,C (2503)/
Istanbul 2003/CBM 096/[Tsesarsky] (50)} Kh7 $1 25. e5 $140 Qb4 26. d6 Rd7 $19 {
I.Tsesarsky}) {The text move is a bit too passive.} 17. h5 (17. a4 $5 Re7 $5)
17... h6 18. a4 Nh7 19. Qf4 Rc3 (19... Qc7 $5 20. e5 $140 Nf6 21. Nd2 Nd5 22.
Qe4 f5 23. exf6 Nxf6) (19... Ng5 $5 $11) 20. Bb5 Rf8 (20... Re7 {looks risky
due to} 21. d5 {but, in fact, Black holds his ground:} exd5 22. exd5 Rxe1+ 23.
Rxe1 Nf6 24. d6 Rc5 (24... Bxf3 $143 25. gxf3 Rc5 26. Bc4 Rc6 27. Re7) 25. Re7
(25. Bc4 Bd5) 25... Bxf3 26. Qxf3 Qxd6 27. Rxa7 Rc1+ 28. Bf1 Qe6 $11) 21. d5 $1
{[%mdl 512] Still! This is now a real pawn sacrifice but, with White's rooks
powerfully centralised, Black will find it difficult to find the right defence.
} exd5 22. exd5 Bxd5 {Black must accept the offer; otherwise White's d-pawn
will be too powerful.} (22... Nf6 23. d6) (22... a6 23. Bd3 $1 Nf6 24. d6) 23.
Ne5 Nf6 24. Bc4 $5 (24. Nc6 Qa8 25. Ne7+ Kh8 26. Nxd5 Nxd5 27. Qd4 Rc5 28. Re5
Nc7 $1 {with probable simplifications and a draw}) 24... Qa8 25. Bxd5 Nxd5 26.
Qd2 (26. Qd4 $5 Rd8 27. Re3 $1 Rc7 28. Rg3 f6 29. Ng6 {with a dangerous
initiative}) 26... Rd8 27. Re4 Qb8 $2 (27... Qc8 {was correct:} 28. Rd4 (28.
Ng4 Rd6 29. Qe1 (29. Qe2 Nf4 30. Re8+ Kh7 31. Qe4+ f5) (29. Rd4 Rc4) 29... Kf8
30. Red4 Rc5 {[%cal Yc8e6]}) 28... Rc5 (28... Rc2 $5 29. Qd3 Rc3 30. Qe4 Rc1
$11) 29. Ng4 Re8 30. Nxh6+ gxh6 31. Rxd5 Qg4 $11) ({Or} 27... Rc5 $5 {, which
leads to the same line after} 28. Rd4 Qc8) 28. Ng4 $1 {[%cal Rg4e3,Rg4h6,Re4d4]
This knight now creates deadly threats.} f5 (28... Rd6 {now loses a piece after
} 29. Rd4 ({but not} 29. Ne3 Nf6 $1) 29... Rc5 30. Ne3) 29. Rd4 fxg4 (29...
Rdc8 30. Nxh6+ gxh6 31. Rxd5 R3c6 32. Rd7 $18 {[%csl Rg8]}) 30. Qxc3 Nxc3 31.
Rxd8+ Qxd8 32. Rxd8+ {White converts his material advantage without major
problems.} Kh7 33. Kh2 Nxa4 34. Kg3 Nc3 35. Kxg4 a5 36. Kf5 b5 37. f4 {Just
setting up a mating net.} b4 (37... Ne2 38. g4 Ng3+ 39. Ke5 b4 40. Ra8 $18) 38.
g4 b3 39. g5 hxg5 40. fxg5 g6+ 41. hxg6+ Kg7 42. Rd7+ Kg8 43. g7 Kh7 44. g6+
Kg8 45. Kg5 {[%cal Rg5h6]} 1-0

[Event "Biel GM"]
[Site "Biel"]
[Date "2007.07.25"]
[Round "3"]
[White "Bu, Xiangzhi"]
[Black "Polgar, Judit"]
[Result "1-0"]
[WhiteElo "2685"]
[BlackElo "2707"]
[Annotator "Krasenkow,M"]
[PlyCount "67"]
[EventDate "2007.07.23"]
[EventType "tourn"]
[EventRounds "9"]
[EventCountry "SUI"]
[EventCategory "18"]
[SourceTitle "CBM 120"]
[Source "ChessBase"]
[SourceDate "2007.10.02"]
[SourceVersion "1"]
[SourceVersionDate "2007.10.02"]
[SourceQuality "1"]

1. Nf3 Nf6 2. c4 c5 3. Nc3 Nc6 4. g3 e6 5. Bg2 d5 6. cxd5 Nxd5 7. d4 Be7 8. O-O
O-O 9. Nxd5 exd5 10. dxc5 Bxc5 11. Bg5 $6 {This is not too promising for White,
compared to} (11. Qc2 Bb6 12. Ng5 g6 13. Qd2) 11... Qd7 {This move may look
strange but Black avoids creating weaknesses in her position after the "main"}
(11... f6) {And the white g5 bishop will have to retreat anyway.} 12. Ne1 {
Too "academic" but} (12. Rc1 Bb6 {[%cal Yd5d4] doesn't promise too much either.
}) 12... Re8 $1 $146 {[%mdl 8] A novelty in a well-known theoretical position!
This move was recommended by GM Alon Greenfeld but not tested in practice
before the present game.} (12... d4 {is the main theoretical move but White
keeps an edge:} 13. Nd3 Bb6 14. a4 $5 {The most dangerous plan in such
positions.} (14. Bd2 Qe7 (14... Re8 15. Re1 Qd6 16. a4 a6 17. Qb3 Na5 18. Qd5
Qxd5 19. Bxd5 Bf5 20. b4 Nc6 21. a5 Ba7 22. b5 axb5 23. a6 Rad8 24. Bg2 Be4 25.
Bxe4 Rxe4 26. axb7 Bb8 27. Rec1 Re6 28. Ra8 {1-0 Schandorff,L-Greenfeld,A/
Saint Vincent 2005/CBM 110}) 15. Nf4 Be6 16. Qa4 Rac8 17. Rac1 Rfd8 18. Rfe1 h6
19. a3 Qd7 20. Nxe6 Qxe6 21. Qc4 $14 {1/2-1/2 Kramnik,V-Anand,V/Monte Carlo
1995/CBM 046 ext (50)}) (14. Bf3 Qf5 15. Bd2 Rd8 16. a4 $1 Be6 17. Nf4 a5 18.
Nxe6 Qxe6 19. Bf4 h6 20. h4 Rac8 21. Rc1 Ne5 $1 22. Bxe5 Rxc1 23. Qxc1 Qxe5 24.
Kg2 Qe7 $1 $11 {1/2-1/2 Kalinin,A-Atalik,S/Wijk aan Zee 1997/CBM 057/[Atalik] 
(39)}) (14. Rc1 Re8 (14... Qf5 15. Bd2 Rd8 16. a4 Ne5 17. b4 a5 18. Nc5 axb4
19. Nxb7 Bxb7 20. Bxb7 Ra7 21. Bg2 Qd7 22. Bxb4 Qxa4 23. Qxa4 Rxa4 24. Be7 Re8
25. Bd6 $14 {1-0 Utemov,V-Titenko,V/Moscow 1990/EXT 2004 (39)}) 15. Re1 Qf5 16.
Bd2 Be6 17. Qa4 Rad8 18. Nf4 Bc8 19. Bh3 Qe5 20. Nd3 Qh5 21. Nf4 Qg5 22. Bxc8
Rxc8 23. Qc2 Qg4 $132 {0-1 Cherniak,L-Magerramov,E/Moscow 1991/TD (50)}) 14...
Qf5 15. Bd2 Bd7 16. b4 a6 17. Nf4 Qe5 18. Nd5 Bd8 19. Bf4 Qe6 20. Re1 Qg6 21.
b5 axb5 22. axb5 Rxa1 23. Qxa1 Ne7 24. Qxd4 $16 {1-0 Topalov,V-Hansen,C/
Istanbul 2000/EXT 2001/[Tsesarsky] (65)}) (12... h6 $5 {is quite good, in
order to keep the isolated central pawn on d5 for a while, leaving the a7-g1
diagonal and d4 square free:} 13. Bd2 (13. Bf4 Rd8 14. Nd3 Bb6 15. Bd2 Qe7 16.
Nf4 Be6 (16... Qe5 17. a4 Bf5 18. a5 Bc7 19. a6 bxa6 20. Rc1 Ne7 21. Bc3 d4 22.
Bb4 Rac8 23. Bb7 Bb6 24. Bxc8 Nxc8 25. Nd3 $14 {1/2-1/2 Lie,K-Hansen,L/
Copenhagen 2004/CBM 101 ext (45)}) 17. Qa4 Rd7 18. Rfd1 Rad8 19. Be1 Qf6 20.
Bc3 d4 21. Be1 Bg4 22. h3 g5 23. Nd5 Rxd5 24. hxg4 Re5 25. Qc4 Rde8 $132 {
1/2-1/2 Hauchard,A-Kinsman,A/France 1998/EXT 2001 (33)}) 13... Bb6 14. Nd3 Qd6
$1 (14... Rd8 15. a4 a5 16. Nf4 d4 17. Nd5 Ra6 18. Rc1 Ba7 19. Bf4 Kh7 20. Nc7
Rb6 21. Nb5 Bb8 22. Bxb8 Nxb8 23. Rc4 Qe8 24. Rxd4 Rxd4 25. Qxd4 Rg6 26. Nd6
Nc6 27. Qd3 {1-0 Gustafsson,J-Hertneck,G/Germany 2002/EXT 2003}) 15. Bf4 Qf6
16. Bxd5 Bg4 $132 17. Kh1 Rad8 18. Bg2 Nb4 19. Qb3 $1 Nxd3 20. exd3 Be2 21.
Rfe1 Bxd3 22. Be3 Bxe3 23. Rxe3 Ba6 $11 {0-1 Schmidt,W-Greenfeld,A/Moscow 1994/
CBM 045 (29)}) 13. Nd3 (13. Bxd5 $6 Re5 14. Bxc6 Qxc6 15. Bf4 Re8 $17) (13. Rc1
Bb6 14. Bxd5 Re5 15. Bxc6 bxc6 16. Nf3 Qxd1 17. Rfxd1 Rxe2 $15) 13... Bb6 14.
Bd2 Qd6 {The same idea as after 12...h6 but Black's rook is already on e8,
which is, of course, favorable for her.} 15. Nf4 Bg4 16. a4 Rad8 17. a5 Bc5 (
17... Bd4 $15 {was even stronger.}) 18. Re1 a6 $6 {An unnecessary move, after
which White consolidates his position and Black's d5 pawn becomes weak.} (18...
Bf5 $142 {[%cal Yf5e4] , e.g.} 19. Rc1 (19. Qb3 $2 Nd4) (19. Nxd5 $2 Be4) (19.
Bxd5 $2 g5 20. Nh5 Bg4) 19... Be4 20. e3 d4 $1 $36) 19. Rc1 Ne5 $2 (19... Bf5 {
was still possible, e.g.} 20. Bxd5 Ne5 $44 (20... g5 21. Nh5 Bg4 {is not good
now due to} 22. Rxc5 $1 Qxc5 23. Nf6+ Kf8 24. Bxc6 bxc6 25. Nxe8)) 20. h3 Bf5 (
20... Be6 $142 $14) 21. Qb3 {[%csl Rb7,Rd5] Suddenly Black is in trouble.} Nc4
22. Red1 Be6 (22... Be4 {is too late due to} 23. Bxe4 Rxe4 24. Bb4 $1 Bxb4 25.
Rxd5 $16) (22... b5 23. axb6 Qxb6 24. Qxb6 Bxb6 25. Bb4 $16) 23. Be1 (23. Nxd5
$1 {was even simpler:} Bxd5 24. Bxd5 Qxd5 25. Qxc4 $16) 23... b5 24. axb6 Nxb6
25. Qa2 Bb4 26. Bxb4 Qxb4 27. Qxa6 {and White gradually converted his extra
pawn:} Nc4 28. Nxd5 Bxd5 29. Rxd5 Rxd5 30. Bxd5 Nb6 31. Ba2 h6 32. Rc7 Rd8 33.
Rxf7 Kh8 34. Qa3 1-0